The agricultural marketing system in Zinder, Niger /

Bibliographic Details
Main Author: Stewart, Bonnie Ann
Corporate Author: University of Arizona. Arid Lands Natural Resources Committee
Other Authors: Matlock, W. Gerald
Format: Microform Book
Language:English
Published: Tucson, Arizona : Arid Lands Natural Resources Committee, University of Arizona, 1979.
Series:Final report of the Natural Resource Planning Project for the Province of Zinder, Niger ; appendix 5.
Sahel, documents and dissertations ; NG 005.
Subjects:

MARC

Tag First Indicator Second Indicator Subfields
LEADER 00000cam a2200000 i 4500
001 in00000943513
005 20150925133122.0
007 he bmu|||bubu
008 801010r19801979miuab bb 00010 eng d
035 |a (OCoLC)06809546 
035 |9 AES4615AM 
037 |a CL00550  |b University Microfilms International 
037 |b University Microfilms International, 300 N. Zeeb Rd., Ann Arbor, MI 48106 
040 |a UMI  |c UMI  |d m.c.  |d m/c  |d UtOrBLW 
043 |a f-ng--- 
049 |a TXAI 
090 |a HD9017.N453  |b Z57 1979 
099 |a fiche   |a  C   |a  5159 
100 1 |a Stewart, Bonnie Ann. 
245 1 4 |a The agricultural marketing system in Zinder, Niger /  |c Bonnie A. Stewart, W. Gerald Matlock. 
264 1 |a Tucson, Arizona :  |b Arid Lands Natural Resources Committee, University of Arizona,  |c 1979. 
300 |a 15 pages :  |b illustrations, maps 
336 |a text  |b txt  |2 rdacontent 
337 |a microform  |b h  |2 rdamedia 
338 |a microfiche  |b he  |2 rdacarrier 
490 1 |a Final report of the Natural Resource Planning Project for the Province of Zinder, Niger ;  |v appendix 5 
500 |a Issued also in French under title: Le système de commercialisation des produits agricoles dans le département de Zinder, Niger. 
504 |a Bibliography: page 15. 
500 |a Microfiche. Ann Arbor, Mich. : University Microfilms International, 1980. -- 1 sheet ; 11 x 15 cm. -- (Sahel : documents and dissertations ; NG 005). 
500 |a Microform. 
650 0 |a Produce trade  |z Niger  |z Zinder. 
650 0 |a Food industry and trade  |z Niger  |z Zinder. 
700 1 |a Matlock, W. Gerald. 
710 2 |a University of Arizona.  |b Arid Lands Natural Resources Committee. 
830 0 |a Final report of the Natural Resource Planning Project for the Province of Zinder, Niger ;  |v appendix 5. 
830 0 |a Sahel, documents and dissertations ;  |v NG 005. 
999 |a MARS 
999 f f |s f604ae8b-a212-3086-8112-4deb10c8a8e4  |i 548c4e52-f205-3292-b2d8-4c4904ce5eba  |t 0 
952 f f |p normal  |a Texas A&M University  |b College Station  |c Sterling C. Evans Library  |d Evans: Microforms (3rd floor)  |t 0  |e fiche C 5159 NG 005  |h Other scheme  |i microform -- microfiche  |m A14821917235 
998 f f |a fiche C 5159 NG 005  |t 0  |l Evans: Microforms (3rd floor)